Normal view
MARC view
- Ashraf, Nataisha (451913)
Entry Personal Name
001 - CONTROL NUMBER
- control field: 132403
003 - CONTROL NUMBER IDENTIFIER
- control field: NUST
005 - DATE AND TIME OF LATEST TRANSACTION
- control field: 20251217154327.0
008 - FIXED-LENGTH DATA ELEMENTS
- fixed length control field: 251217|| aca||aabn | a|a d
040 ## - CATALOGING SOURCE
- Original cataloging agency: NUST
- Transcribing agency: NUST
100 ## - HEADING--PERSONAL NAME
- Personal name: Ashraf, Nataisha (451913)
670 ## - SOURCE DATA FOUND
- Source citation: Work cat.: (NUST): Ashraf, Nataisha (451913), Surface modification of TiON thin films for Supercapacitor Electrode Material /
